|
|
|
|
| LEADER |
00000nab#a22000007a#4500 |
| 001 |
arbauad026919 |
| 003 |
AR-BaUAD |
| 005 |
20250711112220.0 |
| 008 |
970522|||||||||###||||||b###|0###a|spa|| |
| 040 |
|
|
|a AR-BaUAD
|c AR-BaUAD
|b spa
|
| 245 |
1 |
0 |
|a Planta GTE Sylvamia S.A., Buenos Aires
|
| 300 |
0 |
|
|b cortes, fot.,plantas
|
| 653 |
|
|
|a ARGENTINA
|
| 653 |
|
|
|a ARQUITECTURA INDUSTRIAL
|
| 653 |
|
|
|a INDUSTRIAS
|
| 653 |
|
|
|a GTE SYLVANIA S. A.
|
| 653 |
|
|
|a BUENOS AIRES, PROVINCIA
|
| 653 |
|
|
|a GRAZIANI S. A.
|
| 653 |
|
|
|a MARTINEZ
|
| 653 |
|
|
|a INDUSTRIAS DEL VIDRIO
|
| 653 |
|
|
|a TUBOS FLUORESCENTES
|
| 653 |
|
|
|a DETALLES CONSTRUCTIVOS
|
| 653 |
|
|
|a FACHADAS
|
| 653 |
|
|
|a ESTRUCTURAS METALICAS
|
| 773 |
0 |
|
|t SUMMA
|g no. 275 [jul. 1990], p. 81-86
|
| 942 |
|
|
|c ARTI
|
| 952 |
|
|
|0 0
|1 0
|4 0
|7 0
|9 71838
|a AR-BAuAD
|b AR-BAuAD
|d 2025-07-11
|l 0
|p AAQA026919
|r 2025-07-11 11:22:20
|w 2025-07-11
|y ARTI
|
| 990 |
|
|
|a AQ199
|b TD
|
| 998 |
|
|
|a AAQ
|b BIBUN76
|
| 999 |
|
|
|c 51511
|d 51511
|